[Event "Online Olym Div4 C"]
[Site "Chess.com INT"]
[Date "2020.08.02"]
[Round "7.1"]
[White "Tadese, Estube Haileselassi"]
[Black "Amba, Oyon Marius Claude"]
[Result "1-0"]
[WhiteElo "2097"]
[BlackElo "1911"]
[PlyCount "133"]
[EventDate "2020.07.31"]
[EventType "team-tourn (rapid)"]
[EventRounds "9"]
[EventCountry "USA"]
[SourceTitle "CBM 198"]
[Source "ChessBase"]
[SourceDate "2020.10.31"]
[SourceVersion "1"]
[SourceVersionDate "2020.10.31"]
[SourceQuality "1"]
[WhiteTeam "Ethiopia"]
[BlackTeam "Cameroon"]
[WhiteTeamCountry "ETH"]
[BlackTeamCountry "CAM"]

1. c4 Nf6 2. Nf3 e6 3. Nc3 c5 4. e4 Nc6 5. g3 a6 6. Bg2 Qc7 7. 0-0 h5 8. d4 cxd4 9. Nxd4 h4 10. Bf4 e5 11. Nxc6 dxc6 12. Bg5 hxg3 13. hxg3 Bg4 14. Qc1 Bc5 15. Be3 Bd4 16. Bxd4 exd4 17. e5 Nd7 18. Qf4 dxc3 19. Qxg4 cxb2 20. Rab1 0-0 21. e6 Nf6 22. Qf5 fxe6 23. Qxe6+ Qf7 24. Qxf7+ Rxf7 25. Rxb2 Rd8 26. Rfb1 Rdd7 27. Bh3 Rde7 28. Bc8 b5 29. Bxa6 Ne4 30. cxb5 cxb5 31. Bxb5 Kh7 32. Bd3 g6 33. Bxe4 Rxe4 34. Rb7 Rxb7 35. Rxb7+ Kh6 36. Kg2 Ra4 37. Rb2 Ra3 38. Rc2 g5 39. Kh3 Kh5 40. Kg2 g4 41. Kf1 Kg5 42. Ke2 Kf5 43. Kd2 Ke4 44. Kc1 Kd3 45. Rb2 Ra4 46. Rd2+ Kc3 47. Re2 Kd3 48. Re3+ Kd4 49. Kb2 Rb4+ 50. Rb3 Rc4 51. a3 Ke4 52. Rb4 Rxb4+ 53. axb4 Kf3 54. b5 Kxf2 55. b6 Kxg3 56. b7 Kh2 57. b8Q+ g3 58. Qf4 Kh1 59. Qh4+ Kg2 60. Kc2 Kf3 61. Qf6+ Ke2 62. Qe5+ Kf2 63. Qf4+ Kg2 64. Kd2 Kh1 65. Qh4+ Kg2 66. Ke2 Kg1 67. Qxg3+ 1-0

[Event "Africa zt 4.2"]
[Site "Dar es Salaam"]
[Date "2016.04.23"]
[Round "1"]
[White "Tadese, Estube Haileselassi"]
[Black "Mbwana, Kojama"]
[Result "1-0"]
[WhiteElo "2040"]
[BlackElo "1494"]
[PlyCount "77"]
[EventDate "2016.04.23"]
[EventType "swiss"]
[EventRounds "9"]
[EventCountry "TAN"]
[SourceTitle "EXT 2017"]
[Source "ChessBase"]
[SourceDate "2016.10.25"]
[SourceVersion "1"]
[SourceVersionDate "2016.10.25"]
[SourceQuality "1"]

1. d4 Nf6 2. c4 e6 3. Nf3 Nc6 4. d5 exd5 5. cxd5 Bb4+ 6. Nc3 Bxc3+ 7. bxc3 Ne7 8. c4 0-0 9. e3 d6 10. Bd3 Bf5 11. 0-0 Re8 12. Rb1 b6 13. Nd4 Bxd3 14. Qxd3 Ng6 15. Nc6 Qd7 16. f3 Ne7 17. Nd4 c5 18. Nc2 Ng6 19. e4 Qa4 20. Bb2 Ne5 21. Bxe5 Rxe5 22. Ne3 Rae8 23. Nf5 Qd7 24. Qd2 h6 25. a4 Kh7 26. a5 Rb8 27. Rb5 a6 28. Rxb6 Rxb6 29. axb6 Re8 30. Rb1 Rb8 31. Qf4 Ne8 32. e5 g5 33. Qe4 dxe5 34. Qxe5 Rb7 35. Re1 Kg6 36. g4 Nf6 37. Ne7+ Kg7 38. h4 Kf8 39. Qxf6 1-0

[Event "Africa zt 4.2"]
[Site "Kamwokya"]
[Date "2015.04.20"]
[Round "3"]
[White "Abera, Aydagnuhem Gezachew"]
[Black "Tadese, Estube Haileselassi"]
[Result "0-1"]
[WhiteElo "2173"]
[BlackElo "1956"]
[PlyCount "110"]
[EventDate "2015.04.18"]
[EventType "swiss"]
[EventRounds "9"]
[EventCountry "UGA"]
[SourceTitle "CBM 166 Extra"]
[Source "ChessBase"]
[SourceDate "2015.06.18"]
[SourceVersion "1"]
[SourceVersionDate "2015.06.18"]
[SourceQuality "1"]

1. e4 c5 2. Nf3 d6 3. d4 cxd4 4. Nxd4 Nf6 5. Nc3 a6 6. Be2 e5 7. Nb3 Be7 8. f4 0-0 9. f5 b5 10. Bf3 Bb7 11. a3 Nbd7 12. Qe2 Nb6 13. Na5 Rb8 14. Nxb7 Rxb7 15. a4 b4 16. Qxa6 Qa8 17. Qxa8 Rxa8 18. Nb1 Rxa4 19. Rxa4 Nxa4 20. g4 b3 21. cxb3 Rxb3 22. Nd2 Rb4 23. b3 Nc5 24. Ba3 Rb5 25. b4 Nd3+ 26. Ke2 Nf4+ 27. Ke3 d5 28. Rb1 Bxb4 29. Kf2 dxe4 30. Be2 e3+ 31. Kf3 Nxe2 32. Kxe2 exd2 33. Bxb4 h5 34. Rb2 Nxg4 35. h3 Nf2 36. Rxd2 Rxb4 37. Kxf2 Rf4+ 38. Ke3 Rxf5 39. Ke4 g6 40. Rg2 Kg7 41. Rg1 Kf6 42. Rg2 g5 43. Ra2 Rf4+ 44. Ke3 Kf5 45. Ra1 h4 46. Ra7 f6 47. Ra1 g4 48. hxg4+ Rxg4 49. Kf3 e4+ 50. Kf2 Kf4 51. Ra6 f5 52. Ra4 h3 53. Ra3 e3+ 54. Rxe3 Rg2+ 55. Kf1 Kxe3 0-1

[Event "Africa zt 4.2"]
[Site "Kamwokya"]
[Date "2015.04.20"]
[Round "4"]
[White "Tadese, Estube Haileselassi"]
[Black "Wanyama, Harold"]
[Result "0-1"]
[WhiteElo "1956"]
[BlackElo "2265"]
[PlyCount "136"]
[EventDate "2015.04.18"]
[EventType "swiss"]
[EventRounds "9"]
[EventCountry "UGA"]
[SourceTitle "CBM 166 Extra"]
[Source "ChessBase"]
[SourceDate "2015.06.18"]
[SourceVersion "1"]
[SourceVersionDate "2015.06.18"]
[SourceQuality "1"]

1. d4 d5 2. c4 c6 3. Nf3 Nf6 4. e3 e6 5. Nc3 Nbd7 6. Bd3 dxc4 7. Bxc4 b5 8. Bd3 a6 9. 0-0 c5 10. a4 b4 11. Nb1 Bb7 12. Nbd2 Bd6 13. Qe2 cxd4 14. exd4 0-0 15. Nc4 Bc7 16. Rd1 Nb6 17. Nce5 Nbd5 18. Bd2 a5 19. Rac1 h6 20. Bb5 Ne7 21. h3 Nf5 22. Bf4 Bb6 23. g4 Ne7 24. g5 Nfd5 25. Bd2 hxg5 26. Nd7 Nf4 27. Bxf4 gxf4 28. Nxf8 Kxf8 29. Ne5 Qd5 30. Nd7+ Kg8 31. f3 Bxd4+ 32. Kh2 Ng6 33. Rc5 Qd6 34. Rc4 e5 35. Nxe5 Nxe5 36. Rcxd4 Qf6 37. Rd5 Bxd5 38. Rxd5 Ng6 39. Bd3 Nh4 40. Be4 Ra7 41. Qd2 g6 42. b3 Re7 43. Qc2 Qb6 44. Qc5 Qf6 45. Qf2 Rc7 46. Rxa5 Rc1 47. Rd5 Rc3 48. Rd3 Rc8 49. Rd4 g5 50. Qd2 Rc3 51. Rd6 Qe5 52. Qd4 Qxd4 53. Rxd4 Rxb3 54. Rd5 Rb2+ 55. Kg1 f6 56. a5 Kf8 57. Rb5 Ra2 58. Bb7 b3 59. Bd5 Ra1+ 60. Kf2 b2 61. Be4 Ke7 62. Ke2 Kd6 63. Rxb2 Rxa5 64. Kd3 f5 65. Bb7 Ra3+ 66. Ke2 Ng2 67. Bc8 Ne3 68. Rd2+ Ke5 0-1